000 00236nam a2200097Ia 4500
008 190216s9999||||xx |||||||||||||| ||und||
100 _aMuinudheen Nadvi
245 0 _aGhulafaye Rashideen
260 _bAl Islam Publishing House
942 _cBK
999 _c1003
_d1003